000 00787nam a2200253Ia 4500
003 OSt
005 20220923224011.0
006 a|||||r|||| 00| 0
007 ta
008 220922b |||||||| |||| 00| 0 hin d
024 _a223,989
037 _cTextual
040 _aARTS
_cARTS
_bhin
041 _2hin
_ahin
082 _aO152,6N47x, P4
100 _aराजकिशोर
_9156277
245 0 _aएक भारतीय के दुख
246 _aEk bhāratīya ke dukha
260 _aनयी दिल्ली
_b वाणी प्रकाशन
_c2004
300 _a363पृ.
_ccm.
650 _aहिन्दी साहित्य
_9156264
942 _hO152,6N47x, P4
_cTEXL
_2CC
999 _c368620
_d368620